000 02324cam a22005774i 4500
003 PE-LiUPU
005 20250731184513.0
008 161207s2012 pe r 000 0 spa d
020 _a9972623742
020 _a9789972623745
035 _a(Sirsi) a165607
040 _aPE-LiUPU
_bspa
_cPE-LiUPU
_erda
049 _aPRUA
082 0 4 _a985.01
_bB33
_220
100 1 _aBéarez, Philippe,
_eautor.
040 _aPE-LiUPU
245 1 0 _aPrehistoria de la costa extremo-sur del Perú :
_blos pescadores arcaicos de la Quebrada de los Burros (10000-7000 a.P.) /
_cPhilippe Béarez [y 4 más].
250 _aPrimera edición.
264 1 _aLima :
_bInstituto Francés de Estudios Andinos :
_bFondo Editorial, Pontificia Universidad Católica del Péru,
_c2012.
300 _a478 páginas :
_bilustraciones ;
_c29 centímetros.
336 _atext
_2rdacontent
337 _aunmediated
_2rdamedia
338 _avolume
_2rdacarrier
490 0 _aTravaux de l'Institut français d'études andines ;
_v297.
504 _aBibliografía : páginas 437-453.
505 0 _aLa Historia -- El medio natural -- Los recursos naturales y su explotación -- El ajuar -- El espacio doméstico -- Conclusión.
526 _aP136
526 _aP135
526 _aP134
526 _aP133
526 _aP144
526 _aP143
526 _aP87
526 _aP35
526 _aP20
526 _aP14
526 _aP10
526 _aP06
541 _g003-0047643;
650 0 4 _aPescadores-Tacna (Perú)-Época preincaica.
650 1 7 _aExcavaciones arqueológicas
_z Quebrada de los Burros (Perú)
650 1 7 _aPescadores
_x Historia
_z Quebrada de los Burros (Perú)
700 1 _aLavallée, Danièle,
_edirector.
700 1 _aJulien, Michèle,
_edirector.
910 _ajck
_bncf
_cncf
_d20161207
942 _2ddc
_cBOOK
949 _a985.01 B33
_wDEWEY
_c1
_i75310
_lCG2
_mBUL
_p14.79
_r0
_sY
_tBOOK
_u2016-12-07
_xINGENIERIA
_PP06
_0COMPRA
_o.STAFF. Colección Ingenieria y Arquitectura
994 _aC0
_bPEPRU
596 _a1
999 _a985.01 B33
_wDEWEY
_c14385
_i75310
_d14385
_f2021-11-8
_g7
_lCCODEBUL1
_mBUL
_p14.79
_q2
_r0
_sY
_tBOOK
_u2016-12-7
_xBIBLIOTECA
_PP06
_0COMPRA
_o.STAFF. Colección Ingenieria y Arquitectura
980 _81
_gALBERTO SANCHEZ Responsable de Automatización